01688nam a2200169Ia 4500008004100000020001800041050002500059110002700084245014200111250002000253260003200273300003800305500002300343500012500366505096500491650006201456120625s2008 mx l 001 0 sp d a9789708111096 4aC KGF3230 bA28 20081 aMéxico. Leyes, etc. 10aAgenda de la Administración Pública Federal 2008 b : compendio de leyes, reglamentos y otras disposiciones conexas sobre la materia  a20a. edición  aMéxicob : ISEF c , 2008 a[paginación varia] c ; 17 cm.  a1a. edición 1999 aEsta edición contiene las disposiciones publicadas hasta la fecha de impresión de este producto; 02 de enero de 20080 aLey Orgánica de la Administración Pública Federal Ley Federal de Procedimiento Administrativo Ley Federal de las Entidades Paraestatales y Reglamento Relación de Entidades Paraestatales de la Administración Pública Federal Sujetas a la Ley Federal de las Entidades Paraestatales y su Reglamento Acuerdo para la Adopción y Uso por la Administración Pública Federal de la Clave Única de Registro de Población Ley General de Desarrollo Social Ley de Expropiación Ley Sobre la Celebración de Tratados Ley Sobre la Aprobación de Tratados Internacionales en Materia Económica Ley de Planeación Ley Federal de Presupuesto y Responsabilidad Hacendaria y Reglamento Ley General de Deuda Pública Ley de Adquisiciones, Arrendamientos y Servicios del Sector Público y Reglamento Ley de Obras Públicas y Servicios Relacionados con las Mismas y Reglamento Ley del Diario Oficial de la Federación y Gacetas Gubernamentales  4aDERECHO ADMINISTRATIVOvLEYES Y LEGISLACIÓN zMÉXICO